[Event "Plomari op 1st"]
[Site "Plomari"]
[Date "2019.07.22"]
[Round "6"]
[White "Kotronias, Vasilios"]
[Black "Santorinaios, Iakovos"]
[Result "1-0"]
[WhiteElo "2462"]
[BlackElo "1865"]
[PlyCount "49"]
[EventDate "2019.07.18"]
[EventType "swiss"]
[EventRounds "9"]
[EventCountry "GRE"]
[SourceTitle "EXT 2020"]
[Source "ChessBase"]
[SourceDate "2019.10.17"]
[SourceVersion "1"]
[SourceVersionDate "2019.10.17"]
[SourceQuality "1"]

1. e4 c5 2. Nf3 Nc6 3. Bb5 g6 4. 0-0 Bg7 5. Re1 e5 6. a3 Nge7 7. b4 a6 8. Bxc6 Nxc6 9. bxc5 Qe7 10. Nc3 Qxc5 11. Nd5 Ne7 12. d4 exd4 13. Bg5 f6 14. Bxf6 Bxf6 15. Nxf6+ Kf7 16. e5 Nc6 17. Ne4 Qb6 18. Rb1 Qd8 19. Nd6+ Kg7 20. Nxd4 Rf8 21. Nxc6 bxc6 22. Qd4 Kg8 23. h4 h5 24. Rb3 c5 25. Qd5+ 1-0